Online
Catalog

Doce en la literatura dominicana / (Record no. 8530)

MARC details
000 -CABECERA
campo de control de longitud fija 01357nam a2200361 i 4500
001 - NÚMERO DE CONTROL
campo de control 000008761
003 - IDENTIFICADOR DEL NÚMERO DE CONTROL
campo de control DO-SdBNP
005 - FECHA Y HORA DE LA ÚLTIMA TRANSACCIÓN
campo de control 20250312113644.0
007 - CAMPO FIJO DE DESCRIPCIÓN FÍSICA--INFORMACIÓN GENERAL
campo de control de longitud fija ta
008 - DATOS DE LONGITUD FIJA--INFORMACIÓN GENERAL
campo de control de longitud fija 090918s1982 dr 001 0 spa d
040 ## - FUENTE DE LA CATALOGACIÓN
Centro catalogador/agencia de origen DO-SdBNP
Lengua de catalogación spa
Centro/agencia transcriptor BNPHU
Normas de descripción rda
041 ## - CÓDIGO DE LENGUA
Código de lengua original spa
082 #4 - NÚMERO DE LA CLASIFICACIÓN DECIMAL DEWEY
Número de clasificación RD860.9
Número de documento/Ítem P579d
Número de edición 22
100 1# - ENTRADA PRINCIPAL--NOMBRE DE PERSONA
Nombre de persona Piña Contreras, Guillermo,
Fechas asociadas al nombre 1952-
Término indicativo de función/relación autor
Código de función/relación aut.
9 (RLIN) 315
245 10 - MENCIÓN DE TÍTULO
Título Doce en la literatura dominicana /
Mención de responsabilidad, etc. Guillermo Piña Contreras ; prólogo, Frenddy Gastón Arce.
264 #1 - PRODUCCIÓN, PUBLICACIÓN, DISTRIBUCIÓN, FABRICACIÓN Y COPYRIGHT
Producción, publicación, distribución, fabricación y copyright Santiago, República Dominicana :
Nombre del de productor, editor, distribuidor, fabricante Universidad Católica Madre y Maestra,
Fecha de producción, publicación, distribución, fabricación o copyright 1982.
300 ## - DESCRIPCIÓN FÍSICA
Extensión 292 páginas ;
Dimensiones 22 cm.
336 ## - TIPO DE CONTENIDO
Código de tipo de contenido texto
Fuente txt
Término de tipo de contenido rdacontent
337 ## - TIPO DE MEDIO
Nombre/término del tipo de medio sin mediación
Código del tipo de medio nc
Fuente rdamedia
338 ## - TIPO DE SOPORTE
Nombre/término del tipo de soporte volumen
Código del tipo de soporte nc
Fuente rdacarrier
490 0# - MENCIÓN DE SERIE
Mención de serie Colección Estudios
500 ## - NOTA GENERAL
Nota general Incluye índice de nombres
504 ## - NOTA DE BIBLIOGRAFÍA, ETC.
Nota de bibliografía, etc. Bibliografía : páginas 275-277
505 2# - NOTA DE CONTENIDO CON FORMATO
Nota de contenido con formato Prólogo --
Título Introducción--
-- Del Postumismo al pluralismo--
-- Notas --
-- Bibliografía mínima--
-- Indice de nombres.
590 ## - NOTA LOCAL (RLIN)
Nota local Inventariado, 2025/DG
650 #7 - PUNTO DE ACCESO ADICIONAL DE MATERIA--TÉRMINO DE MATERIA
Término de materia o nombre geográfico como elemento de entrada Literatura dominicana
Subdivisión general Historia y crítica
9 (RLIN) 159
650 #7 - PUNTO DE ACCESO ADICIONAL DE MATERIA--TÉRMINO DE MATERIA
Término de materia o nombre geográfico como elemento de entrada Movimientos literarios
9 (RLIN) 8573
650 #7 - PUNTO DE ACCESO ADICIONAL DE MATERIA--TÉRMINO DE MATERIA
Término de materia o nombre geográfico como elemento de entrada Autores dominicanos
9 (RLIN) 230
Subdivisión de forma Biografías
700 1# - PUNTO DE ACCESO ADICIONAL--NOMBRE DE PERSONA
Nombre de persona Gatón Arce, Freddy,
Fechas asociadas al nombre 1920-1994
Término indicativo de función/relación prologuista
Código de función/relación pr.
9 (RLIN) 7946
740 0# - PUNTO DE ACCESO ADICIONAL--TÍTULO RELACIONADO O ANALÍTICO NO CONTROLADO
Título relacionado o analítico no controlado 12 en la literatura dominicana
910 ## - DATOS DE OPCIÓN DEL USUARIO (OCLC)
Datos de opción del usuario DG
942 ## - ELEMENTOS DE PUNTO DE ACCESO ADICIONAL (KOHA)
Fuente del sistema de clasificación o colocación Dewey Decimal Classification
Tipo de ítem Koha Libro
Holdings
Estado de retiro Estado de pérdida Fuente del sistema de clasificación o colocación Restricciones de uso No para préstamo Código de colección Localización permanente Ubicación/localización actual Ubicación en estantería Fecha de adquisición Total de préstamos Signatura topográfica completa Código de barras Fecha visto por última vez Número de copia Precio válido a partir de Tipo de ítem Koha Fuente de adquisición
    Dewey Decimal Classification Préstamo en sala   Dominicana de Servicio Biblioteca Nacional Pedro Henríquez Ureña Biblioteca Nacional Pedro Henríquez Ureña Depósito 18.09.2009   BNPHU DS RD860.9 P579d 8761-30 25.06.2020 e. 3 25.06.2020 Libro  
    Dewey Decimal Classification Préstamo en sala   Dominicana de Servicio Biblioteca Nacional Pedro Henríquez Ureña Biblioteca Nacional Pedro Henríquez Ureña Depósito 06.03.2013   BNPHU DS RD860.9 P579d 8761-40 25.06.2020 e. 4 25.06.2020 Libro Donado por FUNDI
    Dewey Decimal Classification Excluido de préstamo   Patrimonio Dominicano Biblioteca Nacional Pedro Henríquez Ureña Biblioteca Nacional Pedro Henríquez Ureña Depósito 18.09.2009   BNPHU PD RD860.9 P579d 8761-10 25.06.2020   25.06.2020 Libro  
    Dewey Decimal Classification Excluido de préstamo   Patrimonio Dominicano Biblioteca Nacional Pedro Henríquez Ureña Biblioteca Nacional Pedro Henríquez Ureña Depósito 18.09.2009   BNPHU PD RD860.9 P579d 8761-20 25.06.2020 e. 2 25.06.2020 Libro  
    Dewey Decimal Classification Préstamo en sala   Dominicana de Servicio Biblioteca Nacional Pedro Henríquez Ureña Biblioteca Nacional Pedro Henríquez Ureña Depósito 03.02.2025   BNPHU DS RD860.9 P579d 2025-0672 03.02.2025 e.5 03.02.2025 Libro Donado por Librería La Trinitaria

Powered by Koha